000 00662 a2200193 4500
005 2008082901471.0
008 080829t xxu||||| |||| 00| 0 eng d
010 _aENG-87420
020 _c300.00
035 _aEN-70953
037 _bDBAD / PUB
082 _a921
245 _aSelected collectiions on Bhagat Singh
_cedited by M.M. Juneja
260 _aHisar
_bModern Publishers
_c2007
270 _a1227, Urban Estate-II
_bHisar (Haryana)
300 _a304 p.
_c21 cm ( Hb.)
942 _adpl
_cEN
_k921/SEL
_2ddc
_h921
_mSEL
999 _c6503
_d6503